UM Logo

The essentials of teaching health education : (Record no. 14267)

MARC details
000 -LEADER
fixed length control field 01357cam a22003374i 4500
001 - CONTROL NUMBER
control field 18792780
005 - DATE AND TIME OF LATEST TRANSACTION
control field 20190906102015.0
008 - FIXED-LENGTH DATA ELEMENTS--GENERAL INFORMATION
fixed length control field 150923s2016 ilua b 001 0 eng
010 ## - LIBRARY OF CONGRESS CONTROL NUMBER
LC control number 2015025904
020 ## - INTERNATIONAL STANDARD BOOK NUMBER
International Standard Book Number 978-1-4925-0763-5
040 ## - CATALOGING SOURCE
Original cataloging agency DLC
Language of cataloging eng
Transcribing agency DLC
Description conventions rda
Modifying agency DLC
042 ## - AUTHENTICATION CODE
Authentication code pcc
043 ## - GEOGRAPHIC AREA CODE
Geographic area code n-us---
050 00 - LIBRARY OF CONGRESS CALL NUMBER
Classification number LB1587.A3
Item number B46 2016
082 00 - DEWEY DECIMAL CLASSIFICATION NUMBER
Classification number DC 613.071
Edition number 2016
Item number B435
100 1# - MAIN ENTRY--PERSONAL NAME
Personal name Benes, Sarah,
Dates associated with a name 1982-
Relator term author.
9 (RLIN) 39458
245 14 - TITLE STATEMENT
Title The essentials of teaching health education :
Remainder of title curriculum, instruction, and assessment /
Statement of responsibility, etc. Sarah Benes,EdD, Holly Alperin, EdM.
260 ## - PUBLICATION, DISTRIBUTION, ETC. (IMPRINT)
Place of publication, distribution, etc. Champaign, IL :
Name of publisher, distributor, etc. Human Kinetics,
Date of publication, distribution, etc. ©2016.
300 ## - PHYSICAL DESCRIPTION
Extent xiii, 302 pages :
Other physical details color illustrations ;
Dimensions 29 cm.
490 0# - SERIES STATEMENT
Series statement Human Kinetics.
504 ## - BIBLIOGRAPHY, ETC. NOTE
Bibliography, etc Includes bibliographical references (pages 291-295) and index.
650 #0 - SUBJECT ADDED ENTRY--TOPICAL TERM
Topical term or geographic name as entry element Health education
Geographic subdivision United States.
9 (RLIN) 39459
650 #0 - SUBJECT ADDED ENTRY--TOPICAL TERM
Topical term or geographic name as entry element Health education
General subdivision Curricula
Geographic subdivision United States.
9 (RLIN) 39460
650 #0 - SUBJECT ADDED ENTRY--TOPICAL TERM
Topical term or geographic name as entry element Health education
General subdivision Standards
Geographic subdivision United States.
9 (RLIN) 39461
650 #0 - SUBJECT ADDED ENTRY--TOPICAL TERM
Topical term or geographic name as entry element Health education teachers
General subdivision Training of
Geographic subdivision United States.
9 (RLIN) 39462
700 1# - ADDED ENTRY--PERSONAL NAME
Personal name Alperin, Holly,
Dates associated with a name 1977-
Relator term author.
9 (RLIN) 39463
365 ## - TRADE PRICE
Price amount 8,250.00
Currency code Php
906 ## - LOCAL DATA ELEMENT F, LDF (RLIN)
a 7
b cbc
c orignew
d 1
e ecip
f 20
g y-gencatlg
942 ## - ADDED ENTRY ELEMENTS (KOHA)
Source of classification or shelving scheme Dewey Decimal Classification
Koha item type Circulation
Holdings
Withdrawn status Lost status Source of classification or shelving scheme Damaged status Not for loan Collection code Home library Current library Date acquired Source of acquisition Cost, normal purchase price Total Checkouts Full call number Barcode Date last seen Copy number Price effective from Koha item type
    Dewey Decimal Classification     Circulation UM Digos College - LIC UM Digos College - LIC 08/08/2019 Purchased 8250.00   DC 613.071 B435 2016 25546 05/15/2025 1 09/06/2019 Circulation